[Event "Biel MTO op 47th"]
[Site "Biel"]
[Date "2014.07.18"]
[Round "5"]
[White "Rambaldi, Francesco"]
[Black "Moeldner, Juergen"]
[Result "1-0"]
[WhiteElo "2444"]
[BlackElo "2229"]
[PlyCount "77"]
[EventDate "2014.07.14"]
[EventType "swiss"]
[EventRounds "11"]
[EventCountry "SUI"]
[SourceTitle "CBM 161 Extra"]
[Source "ChessBase"]
[SourceDate "2014.08.29"]
[SourceVersion "1"]
[SourceVersionDate "2014.08.29"]
[SourceQuality "1"]

1. Nf3 d5 2. c4 c6 3. e3 Nf6 4. Nc3 e6 5. b3 Nbd7 6. Bb2 Bb4 7. Qc2 0-0 8. d4 Ne4 9. a3 Bxc3+ 10. Bxc3 Nxc3 11. Qxc3 Qe7 12. Bd3 Re8 13. Qc2 h6 14. cxd5 exd5 15. 0-0 Nf6 16. b4 Ne4 17. Ne5 f6 18. Nf3 Bd7 19. b5 Qd6 20. bxc6 Bxc6 21. Rfc1 Rac8 22. Qb3 g5 23. Rc2 Qd7 24. a4 Kg7 25. a5 Rc7 26. Rac1 Rec8 27. h3 Nd6 28. Rc5 Nc4 29. Bxc4 dxc4 30. R1xc4 Bxf3 31. Rxc7 Rxc7 32. Rxc7 Qxc7 33. gxf3 Qc6 34. d5 Qd7 35. Kg2 Kg6 36. Qc2+ f5 37. Qc5 Kh5 38. d6 Kh4 39. Qc7 1-0

[Event "Biel MTO op 47th"]
[Site "Biel"]
[Date "2014.07.16"]
[Round "3"]
[White "Swiercz, Dariusz"]
[Black "Moeldner, Juergen"]
[Result "1-0"]
[WhiteElo "2617"]
[BlackElo "2229"]
[PlyCount "69"]
[EventDate "2014.07.14"]
[EventType "swiss"]
[EventRounds "11"]
[EventCountry "SUI"]
[SourceTitle "CBM 161 Extra"]
[Source "ChessBase"]
[SourceDate "2014.08.29"]
[SourceVersion "1"]
[SourceVersionDate "2014.08.29"]
[SourceQuality "1"]

1. d4 d5 2. Nf3 Nf6 3. c4 c6 4. e3 Bg4 5. Qb3 Qb6 6. Nc3 Bxf3 7. gxf3 e6 8. e4 dxc4 9. Bxc4 Qxb3 10. Bxb3 Nbd7 11. Be3 a6 12. Ke2 c5 13. d5 e5 14. a4 b6 15. Rhg1 g6 16. f4 Bd6 17. fxe5 Bxe5 18. Bc2 Bxh2 19. Rg2 Be5 20. f4 Bd4 21. Rd1 Bxe3 22. Kxe3 b5 23. axb5 axb5 24. e5 b4 25. Nb5 Rb8 26. Nd6+ Ke7 27. Nc4 Nh5 28. f5 b3 29. Bd3 Rhe8 30. e6 Ndf6 31. d6+ Kf8 32. e7+ Kg7 33. Ne5 Nd5+ 34. Kf3 Nhf4 35. Rgd2 1-0

[Event "Biel MTO op 47th"]
[Site "Biel"]
[Date "2014.07.14"]
[Round "1"]
[White "Rakhmanov, Alexander"]
[Black "Moeldner, Juergen"]
[Result "1-0"]
[WhiteElo "2626"]
[BlackElo "2229"]
[PlyCount "89"]
[EventDate "2014.07.14"]
[EventType "swiss"]
[EventRounds "11"]
[EventCountry "SUI"]
[SourceTitle "CBM 161 Extra"]
[Source "ChessBase"]
[SourceDate "2014.08.29"]
[SourceVersion "1"]
[SourceVersionDate "2014.08.29"]
[SourceQuality "1"]

1. c4 g6 2. Nc3 Bg7 3. g3 d6 4. Bg2 e5 5. e3 Nc6 6. Nge2 Nge7 7. d3 0-0 8. h3 Be6 9. Nd5 Qd7 10. b3 f5 11. Bb2 Rae8 12. Qd2 b6 13. Rd1 Nd8 14. Nxe7+ Qxe7 15. 0-0 g5 16. f4 Nf7 17. Rde1 Bd7 18. Nc3 c6 19. d4 exd4 20. exd4 Qf6 21. Nd1 Qg6 22. Nf2 gxf4 23. gxf4 Rxe1 24. Rxe1 Re8 25. Rxe8+ Bxe8 26. Qe3 Kf8 27. Nd3 Nd8 28. c5 bxc5 29. dxc5 Bxb2 30. Nxb2 Bf7 31. Kf2 Qf6 32. Nd3 d5 33. Qe5 Qxe5 34. Nxe5 Be8 35. b4 Ne6 36. Ke3 Ke7 37. Nf3 Kf6 38. Nd4 Nc7 39. Bf1 Bd7 40. a4 a6 41. Bd3 h5 42. h4 Kg6 43. Be2 Be8 44. Bd1 Kf6 45. a5 1-0

[Event "Oberliga Sued W 1314"]
[Site "Germany"]
[Date "2014.02.09"]
[Round "6.4"]
[White "Moeldner, Juergen"]
[Black "Busche, Stefan"]
[Result "1-0"]
[WhiteElo "2273"]
[BlackElo "2122"]
[PlyCount "155"]
[EventDate "2013.10.13"]
[EventType "team-tourn"]
[EventRounds "9"]
[EventCountry "GER"]
[SourceTitle "EXT 2015"]
[Source "ChessBase"]
[SourceDate "2014.11.20"]
[SourceVersion "1"]
[SourceVersionDate "2014.11.20"]
[SourceQuality "1"]
[WhiteTeam "Landau"]
[BlackTeam "Saarbruecken"]
[WhiteTeamCountry "GER"]
[BlackTeamCountry "GER"]

1. e4 e6 2. d4 d5 3. Nd2 c5 4. Ngf3 cxd4 5. exd5 Qxd5 6. Bc4 Qd6 7. 0-0 Nf6 8. Nb3 Nc6 9. Nbxd4 Nxd4 10. Nxd4 a6 11. c3 Bd7 12. Qe2 Qc7 13. Bg5 0-0-0 14. Rad1 Bd6 15. h3 Kb8 16. Rfe1 Bc8 17. Bd3 h6 18. Bxf6 gxf6 19. Qf3 Be5 20. Nb3 Bd7 21. Be4 Bc8 22. Qe3 Bf4 23. Qe2 f5 24. Bf3 Rxd1 25. Rxd1 Rd8 26. g3 Rxd1+ 27. Qxd1 Be5 28. Bg2 f4 29. g4 Bd7 30. Qd3 Qd6 31. Qxd6+ Bxd6 32. Na5 b6 33. Nc4 Bc7 34. Nd2 Kc8 35. Ne4 Kd8 36. Nf6 Be5 37. Nxd7 Kxd7 38. Bf1 a5 39. Kg2 Kd6 40. Kf3 Kc5 41. Ke4 f6 42. a4 Kd6 43. Bc4 Ke7 44. Ba6 Bd6 45. f3 Kd7 46. Kd4 Bc5+ 47. Kc4 Kc7 48. Bb5 Be3 49. Be8 Bc1 50. b4 axb4 51. cxb4 Bd2 52. Kb5 Be3 53. Bf7 e5 54. Bg6 Bd2 55. Be4 Be1 56. Ba8 Bd2 57. Kc4 Kd6 58. Kb5 Kc7 59. Be4 Be1 60. a5 bxa5 61. bxa5 Bf2 62. Bf5 Be3 63. Bg6 Bf2 64. Kc4 Kd6 65. Kd3 Be1 66. a6 Bf2 67. Ke4 Bb6 68. Bf5 Ba7 69. Bc8 Bb6 70. Kf5 Ke7 71. Bb7 Kf7 72. h4 Bd4 73. Be4 Be3 74. Bd5+ Ke7 75. Kg6 Kd6 76. Be4 Ke7 77. Kxh6 Kf7 78. Bd5+ 1-0